书目信息 |
| 题名: |
彩色多普勒技术 (CDFI) 辅导教材
|
|
| 作者: | 张溍熙 , 姜玉新 主编 | |
| 分册: | ||
| 出版信息: | 北京 科学技术文献出版社 2000 |
|
| 页数: | 111, 18页 | |
| 开本: | 26cm | |
| 丛书名: | ||
| 单 册: | ||
| 中图分类: | R445.1 | |
| 科图分类: | ||
| 主题词: | 多普勒技术--Duo Pu Le Ji Shu--超声波诊断--考核--教材 , 超声波诊断--Chao Sheng Bo Zhen Duan--多普勒技术--考核--教材 | |
| 电子资源: | ||
| ISBN: | 7-5023-3456-4 | |
| 000 | 01083nam0 2200253 450 | |
| 001 | CAL 012004105161 | |
| 005 | 20070619162225.53 | |
| 010 | @a7-5023-3456-4@dCNY24.00 | |
| 100 | @a20041010d2000 ekmy0chiy0121 ea | |
| 101 | 0 | @achi |
| 102 | @aCN@b110000 | |
| 105 | @aa z 000yy | |
| 200 | 1 | @a彩色多普勒技术 (CDFI) 辅导教材@ACai Se Duo Pu Le Ji Shu (cdfi) Fu Dao Jiao Cai@f张溍熙,姜玉新主编 |
| 210 | @a北京@c科学技术文献出版社@d2000 | |
| 215 | @a111, 18页@c图@d26cm | |
| 330 | @a本辅导教材内容包括:物理基础与设备操作,超声医学基础,心脏,腹部,妇产,浅表器官、外周血管及其他6部分。全书特点是简明扼要、重点突出,内容和范围紧扣《考试大纲》,针对性强。书后附有《彩色多普勒技术考试大纲》。 | |
| 517 | 1 | @a彩色多普勒技术辅导教材@ACai Se Duo Pu Le Ji Shu Fu Dao Jiao Cai |
| 606 | @a多普勒技术@ADuo Pu Le Ji Shu@x超声波诊断@x考核@j教材 | |
| 606 | @a超声波诊断@AChao Sheng Bo Zhen Duan@x多普勒技术@x考核@j教材 | |
| 690 | @aR445.1@v4 | |
| 701 | 0 | @a张溍熙@AZhang Jin Xi@4主编 |
| 701 | 0 | @a姜玉新@AJiang Yu Xin@4主编 |
| 801 | 0 | @aCN@bPFT@c20070619 |
| 905 | @a10447@dR445.1@e61 | |
| 彩色多普勒技术 (CDFI) 辅导教材/张溍熙,姜玉新主编.-北京:科学技术文献出版社,2000 |
| 111, 18页:图;26cm |
| ISBN 7-5023-3456-4:CNY24.00 |
| 本辅导教材内容包括:物理基础与设备操作,超声医学基础,心脏,腹部,妇产,浅表器官、外周血管及其他6部分。全书特点是简明扼要、重点突出,内容和范围紧扣《考试大纲》,针对性强。书后附有《彩色多普勒技术考试大纲》。 |
| ● |
| 相关链接 |
|
|
|
|
正题名:彩色多普勒技术 (CDFI) 辅导教材
索取号:R445.1/61
 
预约/预借
| 序号 | 登录号 | 条形码 | 馆藏地/架位号 | 状态 | 备注 |
| 1 | 0653897 | 206538978 | 第二样本阅览室/ [索取号:R445.1/61] | 在馆 |